LEADER 00971nam0-22002891--450- 001 990008861920403321 005 20090603135615.0 020 $b1886 5075 035 $a000886192 035 $aFED01000886192 035 $a(Aleph)000886192FED01 035 $a000886192 100 $a20090603d1886----km-y0itay50------ba 101 0 $aita 102 $aIT 105 $a--------001yy 200 1 $aSe la surroga ipotecaria legale possa esercitarsi su beni non appartenenti al debitore comune del creditore evincente e dell'evitto$estudio 210 $aVenezia$cFontana$d1886 215 $a32 p.$din 8° 700 1$aPolacco,$bVittorio$f<1859-1926>$0227941 801 0$aIT$bUNINA$gRICA$2UNIMARC 901 $aBK 912 $a990008861920403321 952 $aBUSTA 3 (12)$b5576$fFGBC 959 $aFGBC 996 $aSe la surroga ipotecaria legale possa esercitarsi su beni non appartenenti al debitore comune del creditore evincente e dell'evitto$9803728 997 $aUNINA LEADER 01505nas 22004933 450 001 9910303534603321 005 20241221111353.0 011 $a2041-6946 035 $a(CKB)1000000000798273 035 $a(CONSER)--2019200194 035 $a(OCoLC)613880531 035 $a(MiAaPQ)2037561 035 $a(MiFhGG)8QOE 035 $a(EXLCZ)991000000000798273 100 $a20091209a20099999 --- a 101 0 $aeng 135 $aurcnu|||||||| 181 $ctxt$2rdacontent 182 $cc$2rdamedia 183 $acr$2rdacarrier 200 00$aJournal of educational media, memory, and society 210 1$aOxford ;$aNew York :$cBerghahn Journals. Ltd. 300 $aRefereed/Peer-reviewed 311 08$a2041-6938 517 1 $aJEMMS 531 0 $aJ. educ. media mem. soc. 606 $aTextbooks$vPeriodicals 606 $aTeaching$xAids and devices$vPeriodicals 606 $aTeaching$xAids and devices$2fast$3(OCoLC)fst01144567 606 $aTextbooks$2fast$3(OCoLC)fst01148536 606 $aLeermiddelen$2gtt 608 $aPeriodicals.$2fast 615 0$aTextbooks 615 0$aTeaching$xAids and devices 615 7$aTeaching$xAids and devices. 615 7$aTextbooks. 615 17$aLeermiddelen. 676 $a371.32 676 $a371.3/2/05 712 02$aGeorg-Eckert-Institut für Internationale Schulbuchforschung. 906 $aJOURNAL 912 $a9910303534603321 996 $aJournal of educational media, memory, and society$92263833 997 $aUNINA